Statistics for Biggest Countries by Area

Click here to take the quiz!

General Stats

  • This quiz has been taken 837,464 times
  • The average score is 16 of 20

Answer Stats

AreaCountry% Correct
17,098,242Russia
100%
9,640,821China
99%
9,526,468United States
99%
9,984,670Canada
98%
8,514,877Brazil
97%
7,692,024Australia
95%
3,287,590India
94%
2,780,400Argentina
88%
1,964,375Mexico
86%
1,564,110Mongolia
82%
2,724,900Kazakhstan
79%
2,149,690Saudi Arabia
74%
2,381,741Algeria
73%
2,344,858D.R. Congo
73%
1,648,195Iran
71%
1,904,569Indonesia
70%
1,886,068Sudan
63%
1,759,540Libya
60%
1,284,000Chad
54%
1,285,216Peru
48%

Score Distribution

Percentile by Number Answered

Percent of People with Each Score

Your Score History

You have not taken this quiz